| 000 | 01361nam a22003857a 4500 | ||
|---|---|---|---|
| 001 | 000099081 | ||
| 003 | CHAP | ||
| 005 | 20220329143349.0 | ||
| 008 | 081223s2002 mx r 00010 spa d | ||
| 010 | _a95546 | ||
| 011 | _a96518 | ||
| 020 | _a9706136355 | ||
| 035 | _a107172 | ||
| 040 | _cCHAP | ||
| 082 | 0 | 4 |
_a658.406 _bS57 |
| 100 | 1 |
_aSigismund Huff, Anne. _9105904 |
|
| 245 | 1 | 3 |
_aEl cambio estratégico : _bcuando las empresas cambian de orientación / _c/por Anne Sigismund Huff and James Oran Huff. |
| 260 |
_aMéxico, D.F. : _bOxford University, _c2002. |
||
| 300 |
_ap. : _bilus. |
||
| 500 | _aTraducción de : When firms change direction | ||
| 590 |
_aBATCH-UPD _b10 _c20130110 _lUCH01 _h0458 |
||
| 590 |
_aBATCH-UPD _b10 _c20130410 _lUCH01 _h0135 |
||
| 590 |
_aBATCH-UPD _b10 _c20130913 _lUCH01 _h1950 |
||
| 590 |
_aCONVERSION _b10 _c20130109 _lUCH01 _h1353 |
||
| 590 |
_aE11695DGD _b10 _c20140716 _lUCH01 _h1348 |
||
| 650 | 0 | 4 |
_aAdministración de empresas. _9922 |
| 650 | 0 | 4 |
_aIndustria _xAdministración. _957683 |
| 650 | 0 | 4 |
_aPersonal _xAdministración de. _987325 |
| 700 | 1 |
_aOran Huff, James. _983394 |
|
| 901 | _aBK | ||
| 942 | _cLIBRO | ||
| 942 | _n0 | ||
| 949 |
_a302.35 Si25y _bBC _cLIBRO _d33724002075355 _eLIBRO _gI.c/e _h110172 _i107172 _sb _t$265.00 |
||
| 949 |
_a302.35 Si25y _bBC _cLIBRO _d33724002076769 _eLIBRO _fc.2 _gI.c/e _h110173 _i107172 _sb |
||
| 999 |
_c95546 _d95546 |
||